000 00610nam a2200241Ia 4500
003 OSt
005 20220918204214.0
006 a|||||r|||| 00| 0
007 ta
008 220917b |||||||| |||| 00| 0 eng d
024 _a111,472
037 _cTextual
040 _aARTS
_cARTS
_beng
041 _2eng
_aeng
082 _aV53:1:N2, F2
100 _aDe La Batut G
_9111072
245 0 _aHistory of the French people
260 _c1922
650 _aHISTORY
700 _a Friedman G
_9111073
942 _hV53:1:N2, F2
_cTEXL
_2CC
999 _c234821
_d234821